[Event "Michigan Action"]
[Site "Detroit"]
[Date "1991.12.07"]
[Round "5"]
[White "Walker, Douglas"]
[Black "Vaughn, Gerald"]
[Result "1-0"]
[WhiteElo "1828"]
[BlackElo "1605"]
[PlyCount "101"]
[EventDate "1991.12.07"]

1. e4 c5 2. Nf3 Nc6 3. Bb5 Qc7 4. Nc3 a6 5. Bxc6 Qxc6 6. d4 cxd4 7. Nxd4 Qg6 8.
O-O e5 9. Nf3 d6 10. Nd5 Kd8 11. Nxe5 Qe6 12. Bf4 Nf6 13. Nxf6 Qxf6 14. Bg3 h5
15. Nf3 Bg4 16. Bh4 g5 17. Bxg5 Qxg5 18. Nxg5 Bxd1 19. Nxf7+ Kd7 20. Nxh8 Bxc2
21. Ng6 Bg7 22. a3 Bxe4 23. Nh4 Bxb2 24. Ra2 Bf6 25. Nf3 Rg8 26. Kh1 h4 27. h3
b5 28. Rd1 d5 29. Re2 Re8 30. Ng1 Re5 31. f3 Bg6 32. Rxe5 Bxe5 33. Rxd5+ Ke6
34. Rd8 a5 35. Ne2 Bc7 36. Ra8 b4 37. Ra6+ Kf5 38. Nd4+ Ke5 39. Nc6+ Kf4 40.
Nxa5 bxa3 41. Rxg6 Bxa5 42. Rg4+ Ke3 43. Ra4 Bc7 44. Rxa3+ Kf2 45. Ra4 Bg3 46.
f4 Bxf4 47. Rxf4+ Kg3 48. Rg4+ Kf2 49. Rxh4 Kg3 50. Rg4+ Kf2 51. h4 1-0

[Event "Michigan Action"]
[Site "Detroit"]
[Date "1991.12.07"]
[Round "3"]
[White "Walker, Douglas"]
[Black "Austin, Joel"]
[Result "1-0"]
[WhiteElo "1828"]
[BlackElo "1346"]
[PlyCount "127"]
[EventDate "1991.12.07"]

1. e4 e5 2. Nf3 Nc6 3. Bb5 a6 4. Bxc6 dxc6 5. O-O f6 6. d3 Bg4 7. Be3 Qd7 8.
Nbd2 O-O-O 9. a3 Kb8 10. b4 g5 11. Qb1 Bxf3 12. Nxf3 Bh6 13. Rd1 g4 14. Nh4
Bxe3 15. fxe3 Nh6 16. g3 f5 17. exf5 Nxf5 18. Nxf5 Qxf5 19. Rf1 Qg5 20. Qe1
Rhf8 21. Qe2 h5 22. Rf2 Rxf2 23. Qxf2 Qg6 24. e4 Qd6 25. Rf1 Qd4 26. Qxd4 exd4
27. Rf5 Rh8 28. a4 b5 29. a5 Kc8 30. Rg5 Kd8 31. Kg2 Ke7 32. Rg7+ Kd6 33. e5+
Kxe5 34. Rxc7 Kd6 35. Ra7 Re8 36. Kf2 Rf8+ 37. Kg2 Re8 38. Rxa6 Re2+ 39. Kg1
Rxc2 40. Ra8 Rc3 41. a6 Rxd3 42. a7 Rd1+ 43. Kf2 Rd2+ 44. Ke1 Ra2 45. Rd8+ Kc7
46. a8=Q Rxa8 47. Rxa8 Kd6 48. Kd2 c5 49. bxc5+ Kxc5 50. Kd3 Kb4 51. Kxd4 Kb3
52. Kc5 b4 53. Rb8 Kc3 54. Rxb4 Kd3 55. Rf4 Ke3 56. Rf5 Ke2 57. Rxh5 Kf2 58. h4
Kxg3 59. Rh8 Kh3 60. h5 Kh4 61. h6 g3 62. Rg8 Kh5 63. h7 g2 64. h8=Q# 1-0

[Event "Michigan Action"]
[Site "Detroit"]
[Date "1991.12.07"]
[Round "6"]
[White "Vaughn, Gerald"]
[Black "Ifill, Don"]
[Result "0-1"]
[WhiteElo "1605"]
[BlackElo "1813"]
[PlyCount "60"]
[EventDate "1991.12.07"]

1. e4 h6 2. d4 g6 3. Bc4 e6 4. e5 a6 5. Nf3 b6 6. c3 Bb7 7. Be3 Ne7 8. Bd3 Bg7
9. O-O O-O 10. Nbd2 Nd5 11. Re1 d6 12. c4 Nxe3 13. Rxe3 Nd7 14. Ne1 dxe5 15.
dxe5 Nxe5 16. Bc2 Qe7 17. Rb1 Rad8 18. Nd3 Rd4 19. Nf3 Nxf3+ 20. gxf3 Rxc4 21.
b3 Qg5+ 22. Kf1 Rh4 23. Ke2 Rxh2 24. f4 Qh5+ 25. Kd2 Qa5+ 26. Ke2 Rd8 27. a4
Qf5 28. Qc1 Qg4+ 29. Kd2 Rxf2+ 30. Ke1 Qg1# 0-1

[Event "Michigan Action"]
[Site "Detroit"]
[Date "1991.12.07"]
[Round "1"]
[White "Vallade, J."]
[Black "Skidmore, Jennifer"]
[Result "0-1"]
[WhiteElo "1605"]
[BlackElo "1984"]
[PlyCount "50"]
[EventDate "1991.12.07"]

1. e4 c5 2. Nf3 Nc6 3. Nc3 g6 4. d3 Bg7 5. Be2 e6 6. Bg5 Nge7 7. d4 cxd4 8.
Nxd4 Nxd4 9. e5 Bxe5 10. O-O Bg7 11. a4 O-O 12. Ra3 d5 13. Bf3 Nxf3+ 14. Qxf3
f6 15. Bf4 e5 16. Be3 d4 17. Bc1 dxc3 18. bxc3 Be6 19. Rd1 Qc7 20. a5 Rad8 21.
a6 Rxd1+ 22. Qxd1 b6 23. Be3 Rd8 24. Qb1 Qd6 25. Bc1 Qd1# 0-1

[Event "Michigan Action"]
[Site "Detroit"]
[Date "1991.12.07"]
[Round "3"]
[White "Vallade, J."]
[Black "Davis, Michael"]
[Result "0-1"]
[WhiteElo "1605"]
[BlackElo "1526"]
[PlyCount "40"]
[EventDate "1991.12.07"]

1. e4 c5 2. Nf3 d6 3. Nc3 Nf6 4. d4 cxd4 5. Nxd4 a6 6. Bg5 e6 7. Bb5+ axb5 8.
O-O Be7 9. Ncxb5 Nxe4 10. Bxe7 Qxe7 11. Re1 d5 12. Qd3 O-O 13. Qa3 Rxa3 14.
Nxa3 Qf6 15. Nf3 Qxb2 16. Rab1 Qxa3 17. Rb6 Qc5 18. Reb1 Qxf2+ 19. Kh1 Qe3 20.
Ng1 Nf2# 0-1

[Event "Michigan Action"]
[Site "Detroit"]
[Date "1991.12.07"]
[Round "5"]
[White "Vaka, Flamur"]
[Black "Sanborn, Neil"]
[Result "1-0"]
[WhiteElo "1558"]
[BlackElo "1307"]
[PlyCount "107"]
[EventDate "1991.12.07"]

1. e4 e5 2. Nf3 Nc6 3. Nc3 Nf6 4. Bc4 Bc5 5. d3 h6 6. O-O d6 7. h3 O-O 8. Ne2
Be6 9. Bb3 Qd7 10. Bxe6 fxe6 11. Nh4 Qf7 12. Ng3 d5 13. exd5 exd5 14. Nhf5 Rfe8
15. Be3 Bxe3 16. fxe3 d4 17. e4 Kh7 18. Qf3 g6 19. Nxh6 Kxh6 20. Qxf6 Qxf6 21.
Rxf6 Rf8 22. Raf1 Rxf6 23. Rxf6 Kg7 24. Rf1 Rf8 25. Rxf8 Kxf8 26. a3 b5 27. Ne2
b4 28. a4 Na5 29. b3 Kf7 30. Kf2 Kf6 31. Kg3 Kg5 32. h4+ Kh5 33. Kh3 g5 34.
hxg5 Kxg5 35. g4 c5 36. Kg3 Nc6 37. Ng1 a5 38. Nf3+ Kg6 39. Kh4 Ne7 40. Nxe5+
Kf6 41. Nd7+ Kf7 42. Nxc5 Ng6+ 43. Kg5 Ne5 44. Kf4 Nxg4 45. Kxg4 Ke7 46. Nb7
Kd7 47. Nxa5 Kd6 48. Nc4+ Ke6 49. a5 Kd7 50. a6 Kc6 51. e5 Kd5 52. a7 Kc5 53.
Na5 Kd5 54. a8=Q+ 1-0

[Event "Michigan Action"]
[Site "Detroit"]
[Date "1991.12.07"]
[Round "3"]
[White "Vaka, Flamur"]
[Black "Ruelas, Erik"]
[Result "1-0"]
[WhiteElo "1558"]
[BlackElo "1605"]
[PlyCount "35"]
[EventDate "1991.12.07"]

1. d4 c5 2. c4 d6 3. Nc3 Nf6 4. Bg5 e6 5. e4 Be7 6. e5 Nfd7 7. Bxe7 Qxe7 8. Qg4
g6 9. Nf3 d5 10. cxd5 exd5 11. Nxd5 Qe6 12. Nc7+ Kd8 13. Nxe6+ Ke8 14. Nc7+ Kd8
15. Nxa8 Nc6 16. Bb5 Re8 17. O-O Ndxe5 18. Qg5+ 1-0

[Event "Michigan Action"]
[Site "Detroit"]
[Date "1991.12.07"]
[Round "1"]
[White "Vaka, Flamur"]
[Black "Poenisch, Volker"]
[Result "1-0"]
[WhiteElo "1558"]
[BlackElo "1830"]
[PlyCount "89"]
[EventDate "1991.12.07"]

1. e4 e5 2. Nf3 Nc6 3. Nc3 Nf6 4. Bc4 Bc5 5. d3 d6 6. h3 h6 7. Bd2 Be6 8. Bb3
Nd4 9. Nxd4 Bxd4 10. O-O O-O 11. Qf3 Kh8 12. Rab1 Bxb3 13. axb3 c6 14. Ne2 Bb6
15. Ng3 d5 16. exd5 cxd5 17. Nf5 e4 18. Qe2 Qd7 19. Ne3 Rae8 20. Rfe1 exd3 21.
Qxd3 Re4 22. Nf1 Rfe8 23. Ng3 Rd4 24. Rxe8+ Qxe8 25. Qc3 Qc6 26. Qxc6 bxc6 27.
Be3 Rb4 28. Bxb6 Rxb6 29. Kf1 Rb7 30. Ke2 Re7+ 31. Kd2 Ne4+ 32. Nxe4 Rxe4 33.
Re1 f5 34. Rxe4 fxe4 35. Ke3 c5 36. c4 d4+ 37. Kxe4 Kg8 38. b4 d3 39. Kxd3 cxb4
40. c5 Kf7 41. Kc4 a5 42. c6 Ke7 43. Kb5 Kd6 44. c7 Kxc7 45. Kxa5 1-0

[Event "Michigan Action"]
[Site "Detroit"]
[Date "1991.12.07"]
[Round "6"]
[White "Vaka, Flamur"]
[Black "Moody, David"]
[Result "0-1"]
[WhiteElo "1558"]
[BlackElo "2002"]
[PlyCount "54"]
[EventDate "1991.12.07"]

1. e4 e5 2. Nf3 Nc6 3. Bb5 a6 4. Ba4 Nf6 5. O-O Be7 6. c3 b5 7. Bc2 O-O 8. d4
d6 9. Be3 Bb7 10. Bg5 exd4 11. cxd4 Nb4 12. Nbd2 Nxc2 13. Qxc2 Nxe4 14. Nxe4
Bxe4 15. Qxe4 Bxg5 16. Nxg5 Qxg5 17. Rfe1 c5 18. dxc5 dxc5 19. Rac1 Rad8 20.
Qb7 Rd6 21. Qc7 Rd5 22. Rcd1 Qd8 23. Rxd5 Qxc7 24. Red1 Re8 25. h3 h6 26. Rd7
Re1+ 27. Rxe1 Qxd7 0-1

[Event "Michigan Action"]
[Site "Detroit"]
[Date "1991.12.07"]
[Round "5"]
[White "Tsemekhman, Vadim"]
[Black "Smith, Walt"]
[Result "1-0"]
[WhiteElo "2434"]
[BlackElo "2048"]
[PlyCount "55"]
[EventDate "1991.12.07"]

1. d4 Nf6 2. c4 c6 3. g3 d5 4. Bg2 Ne4 5. Nf3 g6 6. O-O Bg7 7. Qc2 O-O 8. Bf4
Bf5 9. Qb3 Qc8 10. Na3 dxc4 11. Nxc4 Be6 12. Qc2 Bf5 13. g4 Be6 14. Nfe5 Nd6
15. Nxd6 exd6 16. Nf3 Rd8 17. h3 h5 18. gxh5 Bf5 19. Qb3 Be6 20. Qd3 gxh5 21.
Ng5 Bf5 22. Be4 Bxe4 23. Qxe4 f5 24. Qf3 Bxd4 25. Qxh5 Qd7 26. Kh1 Kf8 27. Nh7+
Kg8 28. Rg1+ 1-0

[Event "Michigan Action"]
[Site "Detroit"]
[Date "1991.12.07"]
[Round "6"]
[White "Tsemekhman, Vadim"]
[Black "Finegold, Mark"]
[Result "1/2-1/2"]
[WhiteElo "2434"]
[BlackElo "2238"]
[PlyCount "61"]
[EventDate "1991.12.07"]

1. d4 d5 2. c4 Bf5 3. cxd5 Bxb1 4. Rxb1 Qxd5 5. e3 Qxa2 6. Bd3 Nc6 7. Ne2 e6 8.
O-O Nf6 9. Nc3 Qa5 10. Bb5 Qb6 11. Qe2 a6 12. Bd3 Nb4 13. Bc4 Be7 14. b3 O-O
15. Bb2 Rad8 16. e4 Qa7 17. Ra1 Qb8 18. Qf3 b5 19. Be2 Nc2 20. Rxa6 Nxd4 21.
Qe3 Nxe2+ 22. Nxe2 Qb7 23. Ra7 Qxe4 24. Qxe4 Nxe4 25. Rxc7 Bc5 26. Nc3 Bxf2+
27. Rxf2 Nxf2 28. Ba3 Nd1 29. Nxb5 Rd5 30. Bxf8 Kxf8 31. Na7 1/2-1/2

[Event "Michigan Action"]
[Site "Detroit"]
[Date "1991.12.07"]
[Round "3"]
[White "Tsemekhman, Vadim"]
[Black "Eagle, Chris"]
[Result "1-0"]
[WhiteElo "2434"]
[BlackElo "2134"]
[PlyCount "71"]
[EventDate "1991.12.07"]

1. d4 Nf6 2. Nf3 g6 3. c4 Bg7 4. Nc3 O-O 5. e4 d6 6. Be2 e5 7. d5 Nbd7 8. Bg5
h6 9. Bh4 a5 10. Nd2 Nc5 11. g4 c6 12. f3 Qe8 13. Nf1 cxd5 14. cxd5 Bd7 15. a4
Rb8 16. Nb5 Bxb5 17. Bxb5 Qd8 18. Ne3 Rc8 19. O-O Kh7 20. h3 Rg8 21. Nc4 Bf8
22. Be1 b6 23. b4 axb4 24. Bxb4 Be7 25. Ra2 Ra8 26. Bc6 Ra7 27. a5 Nfd7 28. f4
Nxe4 29. fxe5 Nxe5 30. Nxe5 dxe5 31. Rxf7+ Rg7 32. Rxg7+ Kxg7 33. Qe1 Ng5 34.
Qxe5+ Bf6 35. Qe3 Bd4 36. Qxd4+ 1-0

[Event "Michigan Action"]
[Site "Detroit"]
[Date "1991.12.07"]
[Round "1"]
[White "Tsemekhman, Vadim"]
[Black "Davis, Ralph"]
[Result "1-0"]
[WhiteElo "2434"]
[BlackElo "1605"]
[PlyCount "54"]
[EventDate "1991.12.07"]

1. d4 Nf6 2. Nf3 e6 3. g3 c5 4. Bg2 d5 5. O-O Be7 6. c4 O-O 7. Na3 a6 8. Nc2
Nc6 9. Ne5 Nxe5 10. dxe5 Nd7 11. cxd5 Nxe5 12. Bf4 Ng6 13. d6 Nxf4 14. dxe7
Nxe2+ 15. Qxe2 Qxe7 16. Ne3 Rb8 17. Rfd1 Bd7 18. Nf5 Qd8 19. Nd6 Qb6 20. Nc4
Qb5 21. a4 Qb3 22. Rxd7 Rfd8 23. Qd1 Rxd7 24. Qxb3 Rbd8 25. Ne5 Rd2 26. Qxb7 g6
27. Qxf7+ Kh8 1-0

[Event "Michigan Action"]
[Site "Detroit"]
[Date "1991.12.07"]
[Round "4"]
[White "Thompson, Dexter"]
[Black "Tsemekhman, Vadim"]
[Result "1-0"]
[WhiteElo "2200"]
[BlackElo "2434"]
[PlyCount "55"]
[EventDate "1991.12.07"]

1. e4 e6 2. d4 d5 3. e5 c5 4. c3 Qb6 5. Nf3 Bd7 6. a3 Nc6 7. b4 cxd4 8. cxd4
Rc8 9. Be3 Nh6 10. Bd3 Nf5 11. Bxf5 exf5 12. O-O Nd8 13. Nbd2 Ne6 14. g3 Be7
15. Qb1 g6 16. Nb3 f4 17. gxf4 Ng7 18. Nc5 Bh3 19. Rc1 Rxc5 20. bxc5 Qe6 21.
Qb5+ Kf8 22. Ne1 Qg4+ 23. Kh1 Nf5 24. f3 Qh5 25. Qe2 Bf1 26. Qd2 Qh3 27. Bf2 h5
28. Rc3 1-0

[Event "Michigan Action"]
[Site "Detroit"]
[Date "1991.12.07"]
[Round "1"]
[White "Thompson, Dexter"]
[Black "Shelters, Richard"]
[Result "1-0"]
[WhiteElo "2200"]
[BlackElo "1605"]
[PlyCount "45"]
[EventDate "1991.12.07"]

1. e4 e5 2. Nf3 Nc6 3. Bc4 h6 4. d4 Bb4+ 5. c3 Ba5 6. dxe5 Qe7 7. Bf4 Qc5 8.
Nbd2 Nge7 9. b4 Bxb4 10. cxb4 Qxb4 11. O-O O-O 12. Rb1 Qa3 13. Rb3 Qxa2 14. Rb5
Qa6 15. Qb1 Ng6 16. Be3 Re8 17. Qb3 Ncxe5 18. Rxe5 Qf6 19. Rxe8+ Kh7 20. Bxf7
b6 21. Bg8+ Kh8 22. Bh7+ Kxh7 23. Qg8# 1-0

[Event "Michigan Action"]
[Site "Detroit"]
[Date "1991.12.07"]
[Round "6"]
[White "Thompson, Dexter"]
[Black "Noren, Kevin"]
[Result "1-0"]
[WhiteElo "2200"]
[BlackElo "2323"]
[PlyCount "103"]
[EventDate "1991.12.07"]

1. e4 e6 2. d4 d5 3. e5 c5 4. c3 Nc6 5. Nf3 Nh6 6. a3 cxd4 7. cxd4 Nf5 8. Nc3
Bd7 9. Be3 Be7 10. Bd3 Qa5 11. O-O Nxe3 12. fxe3 f5 13. exf6 Bxf6 14. b4 Qd8
15. Rc1 O-O 16. Bb1 Be8 17. Ne2 Qd6 18. Nf4 g6 19. Nd3 Ne7 20. Nde5 Bb5 21. Bd3
Bxd3 22. Qxd3 a6 23. Rc2 Bxe5 24. Nxe5 Rxf1+ 25. Qxf1 Rf8 26. Rf2 Nf5 27. Qc1
Qd8 28. Nd3 Nd6 29. Nc5 Rxf2 30. Kxf2 Qc7 31. Qd1 Qf7+ 32. Qf3 Nb5 33. Qxf7+
Kxf7 34. Nxb7 Nxa3 35. Nc5 Kf6 36. Nxa6 e5 37. Ke2 e4 38. Nc7 Nc2 39. Nxd5+ Ke6
40. Nf4+ Kd6 41. b5 Na3 42. b6 Kc6 43. Nd5 Nc4 44. Nf6 Nxb6 45. Nxh7 Nd5 46.
Ng5 Nf6 47. h3 Kd5 48. g4 Ne8 49. Kf2 Nd6 50. Kg3 Nc4 51. Kf4 Nd2 52. h4 1-0

[Event "Michigan Action"]
[Site "Detroit"]
[Date "1991.12.07"]
[Round "2"]
[White "Thompson, Dexter"]
[Black "Ifill, Don"]
[Result "1-0"]
[WhiteElo "2200"]
[BlackElo "1813"]
[PlyCount "91"]
[EventDate "1991.12.07"]

1. e4 a6 2. d4 g6 3. Nc3 Bg7 4. f4 e6 5. Nf3 Ne7 6. Bd3 d6 7. O-O Nbc6 8. Be3
O-O 9. a3 b5 10. b4 h6 11. Qe1 f5 12. Rd1 Qe8 13. d5 exd5 14. Nxd5 Nxd5 15.
exd5 Ne7 16. c4 Qf7 17. Qf2 Bb7 18. Bd4 bxc4 19. Bxc4 Rfe8 20. Rfe1 Kh7 21. Qb2
Bxd5 22. Bxd5 Bxd4+ 23. Qxd4 Nxd5 24. Qxd5 Rxe1+ 25. Nxe1 Qxd5 26. Rxd5 Re8 27.
Kf2 Kg7 28. Ra5 Re4 29. g3 Rd4 30. Nf3 Rc4 31. Rxa6 Kf6 32. b5 g5 33. Rc6 Ra4
34. Rc3 gxf4 35. gxf4 d5 36. Rc6+ Ke7 37. Rxc7+ Kd8 38. Rc3 d4 39. Rd3 Kc7 40.
Nxd4 Kb6 41. Ke3 Kc5 42. Rc3+ Kd5 43. b6 Rxd4 44. b7 Re4+ 45. Kf3 Kd4 46. Rb3
1-0

[Event "Michigan Action"]
[Site "Detroit"]
[Date "1991.12.07"]
[Round "4"]
[White "Smith, Walt"]
[Black "Vaughn, Gerald"]
[Result "1-0"]
[WhiteElo "2048"]
[BlackElo "1605"]
[PlyCount "76"]
[EventDate "1991.12.07"]

1. e4 c5 2. Nf3 Nc6 3. Nc3 Nd4 4. Bc4 e6 5. O-O d6 6. Nxd4 cxd4 7. Ne2 Nf6 8.
d3 e5 9. c3 d5 10. exd5 Nxd5 11. cxd4 exd4 12. Nxd4 Bc5 13. Re1+ Ne7 14. Qh5
Qxd4 15. Qxf7+ Kd8 16. Bg5 Qxf2+ 17. Qxf2 Bxf2+ 18. Kxf2 Rf8+ 19. Kg1 Re8 20.
Rxe7 Rxe7 21. Re1 b5 22. Rxe7 bxc4 23. Rxa7+ Ke8 24. Rxa8 Kd7 25. Rxc8 Kxc8 26.
dxc4 Kc7 27. b4 Kc6 28. Bf4 h6 29. a4 g5 30. Be5 h5 31. a5 g4 32. Bd4 h4 33. a6
Kc7 34. b5 Kb8 35. b6 Ka8 36. c5 g3 37. c6 Kb8 38. Be5+ Ka8 1-0

[Event "Michigan Action"]
[Site "Detroit"]
[Date "1991.12.07"]
[Round "6"]
[White "Smith, Walt"]
[Black "Skidmore, Jennifer"]
[Result "0-1"]
[WhiteElo "2048"]
[BlackElo "1984"]
[PlyCount "114"]
[EventDate "1991.12.07"]

1. e4 e5 2. Nc3 Nf6 3. Bc4 Be7 4. f4 Nc6 5. Nf3 d6 6. O-O Bg4 7. Nd5 Nxe4 8.
Qe2 Nc5 9. c3 e4 10. d4 exf3 11. gxf3 Bh3 12. Re1 Ne6 13. Ne3 Nxf4 14. Qf2 O-O
15. Ng4 Bh4 16. Qd2 Bxe1 17. Qxf4 Bxg4 18. Qxg4 Qh4 19. Qg2 Rfe8 20. Bg5 Bf2+
21. Kf1 Qh5 22. Kxf2 Qg6 23. Rg1 h6 24. Bf4 Qxg2+ 25. Rxg2 Kf8 26. Bb5 Re7 27.
Bd2 Rae8 28. f4 a6 29. Bd3 Nd8 30. f5 f6 31. a4 Nf7 32. h4 c5 33. Rg4 cxd4 34.
cxd4 Kg8 35. Bc4 Re4 36. Rg6 Rxh4 37. Bxh6 Rxh6 38. Rg3 Rh4 39. Be6 Rxd4 40.
Rb3 Re7 41. Ra3 Rd2+ 42. Ke3 Rxb2 43. Kd4 Rh2 44. Rc3 Kh7 45. Rc8 Rh4+ 46. Kd5
Rxa4 47. Rf8 Ng5 48. Kxd6 Rxe6+ 49. fxe6 Nxe6 50. Kxe6 Rg4 51. Rf7 b5 52. Kf5
Rg2 53. Ra7 b4 54. Rxa6 b3 55. Rb6 b2 56. Rb3 Rf2+ 57. Ke4 g5 0-1

[Event "Michigan Action"]
[Site "Detroit"]
[Date "1991.12.07"]
[Round "1"]
[White "Smith, Walt"]
[Black "Gramlich, Allen"]
[Result "1-0"]
[WhiteElo "2048"]
[BlackElo "1605"]
[PlyCount "59"]
[EventDate "1991.12.07"]

1. e4 d6 2. d4 Nf6 3. Nc3 g6 4. f4 Bg7 5. e5 Nfd7 6. Nf3 O-O 7. Bc4 Nb6 8. Bb3
Be6 9. O-O Qd7 10. d5 Bg4 11. Qe2 Qf5 12. Nb5 Na6 13. Nbd4 Qh5 14. h3 Bxf3 15.
Nxf3 Nb4 16. c4 Qf5 17. Bd2 Qd3 18. Qd1 a5 19. Rc1 c5 20. Rc3 Qf5 21. a3 Nd3
22. Bc2 dxe5 23. Bxd3 e4 24. Nh4 Qh5 25. Qxh5 gxh5 26. Bxe4 Bxc3 27. Bxc3 Nxc4
28. Nf5 f6 29. Nxe7+ Kf7 30. Nf5 1-0

[Event "Michigan Action"]
[Site "Detroit"]
[Date "1991.12.07"]
[Round "1"]
[White "Skidmore, Mike"]
[Black "Whipple, Greg"]
[Result "1-0"]
[WhiteElo "1914"]
[BlackElo "1605"]
[PlyCount "76"]
[EventDate "1991.12.07"]

1. e4 e5 2. Nf3 Nc6 3. Bb5 a6 4. Ba4 Bc5 5. O-O Nf6 6. Nxe5 Nxe5 7. d4 Bd6 8.
dxe5 Bxe5 9. f4 Bd6 10. e5 Bc5+ 11. Kh1 Ne4 12. Qf3 f5 13. Bb3 d6 14. exd6 Qxd6
15. Be3 Bd7 16. Rd1 Qb6 17. Bxc5 Qxc5 18. Re1 O-O-O 19. Qe3 Qxe3 20. Rxe3 Ba4
21. Nc3 Nxc3 22. Be6+ Kb8 23. Rxc3 Rd6 24. Bxf5 Rhd8 25. h3 h5 26. Re1 h4 27.
Re7 b6 28. Rxg7 Rd1+ 29. Kh2 Rf8 30. Bg4 Rd5 31. b3 Bb5 32. a4 Bf1 33. f5 Re8
34. f6 Rd2 35. Bf3 Re5 36. f7 Rf5 37. Rg8+ Ka7 38. f8=Q Rxf8 1-0

[Event "Michigan Action"]
[Site "Detroit"]
[Date "1991.12.07"]
[Round "3"]
[White "Skidmore, Mike"]
[Black "Smith, Walt"]
[Result "0-1"]
[WhiteElo "1914"]
[BlackElo "2048"]
[PlyCount "71"]
[EventDate "1991.12.07"]

1. e4 c5 2. Nf3 Nc6 3. Bb5 Nf6 4. d3 g6 5. O-O Bg7 6. c3 O-O 7. h3 d5 8. e5 Ne8
9. Bxc6 bxc6 10. Be3 Qa5 11. Nbd2 c4 12. dxc4 Ba6 13. Nb3 Qc7 14. Nc5 Bxc4 15.
Re1 a5 16. Bf4 Qa7 17. Be3 Qc7 18. Bd4 e6 19. Ng5 Qe7 20. Nf3 Nc7 21. Nb7 Nb5
22. Bc5 Qxb7 23. Bxf8 Bxf8 24. b3 Nxc3 25. Qc2 Ne2+ 26. Rxe2 Bxe2 27. Qxe2 c5
28. Rc1 a4 29. Qd2 axb3 30. axb3 Ra3 31. Rb1 Qb4 32. Ne1 c4 33. Qe2 Rxb3 34.
Ra1 Rb1 35. Rxb1 Qxb1 36. Kh2 0-1

[Event "Michigan Action"]
[Site "Detroit"]
[Date "1991.12.07"]
[Round "5"]
[White "Skidmore, Mike"]
[Black "Baze, Lineas"]
[Result "0-1"]
[WhiteElo "1914"]
[BlackElo "2047"]
[PlyCount "67"]
[EventDate "1991.12.07"]

1. e4 c5 2. Nf3 Nc6 3. Bb5 d6 4. O-O Bd7 5. Re1 e6 6. c3 Nf6 7. d3 Be7 8. Ng5
h6 9. Nf3 a6 10. Ba4 b5 11. Bc2 Qc7 12. h3 Nh7 13. Nh2 b4 14. f4 O-O-O 15. Ba4
g5 16. cxb4 Nxb4 17. Bxd7+ Qxd7 18. a3 Nc6 19. Nc3 gxf4 20. Bxf4 Ng5 21. Qa4
Qb7 22. b4 Rhg8 23. Bxg5 Rxg5 24. bxc5 Rxc5 25. Rab1 Qa7 26. Qb3 Rb5+ 27. Kh1
Rxb3 28. Rxb3 Rg8 29. Na4 Qf2 30. Rg1 Nd4 31. Rb2 Ne2 32. Rc1+ Kd7 33. Ng4 Rxg4
34. Rxe2 0-1

[Event "Michigan Action"]
[Site "Detroit"]
[Date "1991.12.07"]
[Round "4"]
[White "Skidmore, Jennifer"]
[Black "Vaka, Flamur"]
[Result "1-0"]
[WhiteElo "1984"]
[BlackElo "1558"]
[PlyCount "85"]
[EventDate "1991.12.07"]

1. e4 e5 2. Nf3 Nc6 3. Bb5 Nf6 4. d3 a6 5. Ba4 b5 6. Bb3 d6 7. c3 Bg4 8. Bg5
Be7 9. Nbd2 O-O 10. O-O Nd7 11. Bxe7 Qxe7 12. Bd5 Ndb8 13. a4 Ra7 14. axb5 axb5
15. Qb3 Na5 16. Qxb5 c6 17. Qb4 cxd5 18. Rxa5 Rxa5 19. Qxa5 dxe4 20. dxe4 Qb7
21. b4 Bxf3 22. gxf3 Rc8 23. Qa3 Na6 24. Rb1 Nc7 25. c4 Ne6 26. Qd3 Qb6 27. b5
Nc5 28. Qd5 Ne6 29. Ra1 Nf4 30. Ra8 Rf8 31. Rxf8+ Kxf8 32. Qc6 Qxc6 33. bxc6
Ke8 34. Nb3 Kd8 35. Na5 Kc7 36. Kf1 Ne6 37. Ke2 Nd4+ 38. Ke3 Nxc6 39. Nb3 Nb4
40. f4 Nc2+ 41. Kd2 Na3 42. Kc3 exf4 43. Nd4 1-0

[Event "Michigan Action"]
[Site "Detroit"]
[Date "1991.12.07"]
[Round "5"]
[White "Skidmore, Jennifer"]
[Black "Eagle, Chris"]
[Result "1/2-1/2"]
[WhiteElo "1984"]
[BlackElo "2134"]
[PlyCount "71"]
[EventDate "1991.12.07"]

1. e4 g6 2. d4 Bg7 3. c3 d5 4. e5 c5 5. f4 cxd4 6. cxd4 Nc6 7. Nc3 Nh6 8. Nf3
Bg4 9. Bb5 O-O 10. O-O Nf5 11. Bxc6 bxc6 12. h3 Bxf3 13. Rxf3 Qb6 14. Ne2 c5
15. dxc5 Qxc5+ 16. Kh2 e6 17. b4 Qb6 18. a4 f6 19. exf6 Bxf6 20. Rb1 Nh4 21.
Rg3 Rad8 22. Qd3 Bg7 23. a5 Qd6 24. b5 e5 25. fxe5 Bxe5 26. Ba3 Bxg3+ 27. Nxg3
Qe5 28. Bxf8 Rxf8 29. b6 axb6 30. axb6 Rf2 31. b7 Rxg2+ 32. Kh1 Rb2 33. Rxb2
Qxb2 34. Qxd5+ Kg7 35. Qe4 Qc1+ 36. Kh2 1/2-1/2

[Event "Michigan Action"]
[Site "Detroit"]
[Date "1991.12.07"]
[Round "2"]
[White "Skidmore, Jennifer"]
[Black "Dyer, Todd"]
[Result "1-0"]
[WhiteElo "1984"]
[BlackElo "1487"]
[PlyCount "71"]
[EventDate "1991.12.07"]

1. e4 e5 2. Nf3 Nc6 3. Bb5 a6 4. Ba4 Nf6 5. d3 b5 6. Bb3 Bc5 7. c3 O-O 8. O-O
Na5 9. Bc2 Bb7 10. b4 Bd6 11. bxa5 c5 12. Bg5 Bc7 13. d4 cxd4 14. cxd4 Re8 15.
Nbd2 d5 16. dxe5 Bxe5 17. Nxe5 Rxe5 18. Nf3 Re6 19. e5 Qxa5 20. exf6 gxf6 21.
Bh6 f5 22. Bd2 Qd8 23. Bxf5 Rc6 24. Ne5 Qf6 25. Qg4+ Kh8 26. Qh5 h6 27. Nxf7+
Kg8 28. Nxh6+ Qxh6 29. Bxh6 Rxh6 30. Qxh6 Bc8 31. Bh7+ Kf7 32. Qg6+ Ke7 33.
Rfe1+ Kd7 34. Qf7+ Kc6 35. Rac1+ Kb6 36. Qc7# 1-0

[Event "Michigan Action"]
[Site "Detroit"]
[Date "1991.12.07"]
[Round "3"]
[White "Shelters, Richard"]
[Black "Burg, Dan"]
[Result "0-1"]
[WhiteElo "1605"]
[BlackElo "1853"]
[PlyCount "68"]
[EventDate "1991.12.07"]

1. e4 e5 2. Nf3 Nc6 3. Bb5 Nge7 4. d3 h6 5. Be3 d6 6. Nbd2 Bd7 7. O-O f5 8.
Bxc6 Bxc6 9. Nb3 f4 10. Bd2 g5 11. h3 Ng6 12. Re1 Qf6 13. Bc3 Be7 14. d4 O-O-O
15. d5 Bd7 16. Qd2 h5 17. a4 g4 18. hxg4 hxg4 19. Nh2 Qh4 20. Kf1 Qxh2 21. Ke2
Qxg2 22. Qd3 g3 23. Qf3 Rh2 24. Rf1 Rdh8 25. Qxg2 Rxg2 26. Kf3 Nh4+ 27. Ke2
Bg4+ 28. Kd3 gxf2 29. Nc1 Rg3+ 30. Kd2 Nf3+ 31. Ke2 Nh2+ 32. Kxf2 Nxf1 33. Kxf1
Rh2 34. Be1 Bh3# 0-1

[Event "Michigan Action"]
[Site "Detroit"]
[Date "1991.12.07"]
[Round "2"]
[White "Sanborn, Neil"]
[Black "Jones, Louis"]
[Result "1-0"]
[WhiteElo "1307"]
[BlackElo "1281"]
[PlyCount "39"]
[EventDate "1991.12.07"]

1. e4 e5 2. Nf3 f6 3. Bc4 Bc5 4. d3 d6 5. Be3 Bxe3 6. fxe3 c5 7. d4 d5 8. Bb5+
Bd7 9. Bxd7+ Nxd7 10. exd5 exd4 11. exd4 Qe7+ 12. Kf2 cxd4 13. Qxd4 Nh6 14. Re1
Ne5 15. Nxe5 fxe5 16. Rxe5 Qxe5 17. Qxe5+ Kd8 18. d6 Nf7 19. Qe7+ Kc8 20. Qc7#
1-0

[Event "Michigan Action"]
[Site "Detroit"]
[Date "1991.12.07"]
[Round "4"]
[White "Sanborn, Neil"]
[Black "Frazier, L."]
[Result "1-0"]
[WhiteElo "1307"]
[BlackElo "1605"]
[PlyCount "35"]
[EventDate "1991.12.07"]

1. e4 e5 2. Nf3 Qf6 3. Bc4 Bc5 4. d3 Nh6 5. O-O O-O 6. Nc3 Qg6 7. Nd5 Bd6 8.
Bg5 Qh5 9. Be7 Re8 10. Bxd6 cxd6 11. Nc7 Rf8 12. d4 Nc6 13. Nxa8 Nxd4 14. Nxd4
exd4 15. Qxh5 Re8 16. Nc7 Rxe4 17. Rae1 Rf4 18. Re8# 1-0

[Event "Michigan Action"]
[Site "Detroit"]
[Date "1991.12.07"]
[Round "6"]
[White "Sanborn, Neil"]
[Black "Brant, J."]
[Result "1-0"]
[WhiteElo "1307"]
[BlackElo "1605"]
[PlyCount "75"]
[EventDate "1991.12.07"]

1. e4 e5 2. Nf3 Bc5 3. Nxe5 Nf6 4. Bc4 O-O 5. d3 Nc6 6. Nxc6 dxc6 7. Bg5 b6 8.
Qf3 Bg4 9. Bxf6 Bxf3 10. Bxd8 Rfxd8 11. gxf3 b5 12. Bb3 Rd6 13. Nc3 Rg6 14.
O-O-O Bxf2 15. Ne2 a5 16. a4 Be3+ 17. Kb1 bxa4 18. Bxa4 c5 19. Ng3 Rb6 20. Nf5
Bg5 21. Rhg1 Bf6 22. d4 Rab8 23. b3 g6 24. e5 Bg7 25. dxc5 R6b7 26. Ne7+ Kf8
27. Nc6 Ra8 28. Rd8+ Rxd8 29. Nxd8 Rb8 30. Nc6 Rd8 31. Nxd8 f6 32. e6 Ke7 33.
Re1 Kxd8 34. e7+ Kc8 35. e8=Q+ Kb7 36. Qc6+ Kb8 37. Re8+ Ka7 38. Ra8# 1-0